| 000 | 01631nam a22003257a 4500 | ||
|---|---|---|---|
| 003 | OSt | ||
| 005 | 20230621091240.0 | ||
| 008 | 221006b |||||||| |||| 00| 0 eng d | ||
| 040 | _cBiblioteca Lado V | ||
| 082 |
_a709.05 _bG851a |
||
| 100 |
_9855 _aGriffin, Tim _eeditor |
||
| 245 |
_aArtforum/ _bInternacional/ |
||
| 260 |
_aNew York _c1994 _bNew York editorial and business offices |
||
| 300 |
_c26.5x27cm _a120p. |
||
| 366 | _espa | ||
| 490 |
_aMarzo _v1994 _x0864-1315 |
||
| 505 |
_tCOLUMNS _aAll Around Esthetes Music Weather Report Real life Rock Books |
||
| 505 | _tLETTER | ||
| 505 |
_tFEATURES _gFlesh for Phantasy: Lucian Freud: Fresh Freud Frayed Fraud Vital Signs: Gillian Wearing's Talking Pictures Gore Girl! Siva's in the House: Izhar Patkin's Dance-Floor Deity Wiretap: A Walk through the Whitney, or what we really Say when we talk about Art Jasper Johs: In Memory of my feelings Cream of wheat Paste: Cost and Revs Hauting Grounds: Joel Sternfeld's Crime Sights |
||
| 505 | _tREVIEWS | ||
| 650 |
_2Tesauro de Arte & Arquitectura _aARTE COMTEMPORANEO _9703 |
||
| 650 |
_2Tesauro de Arte & Arquitectura _aFOTOGRAFIA _9702 |
||
| 650 |
_2Tesauro de Arte & Arquitectura _aARTE VISUAL _9702 |
||
| 650 |
_2Tesauro de Arte & Arquitectura _aLIBROS |
||
| 650 |
_2Tesauro de Arte & Arquitectura _aNOTICIAS |
||
| 650 |
_2 Tesauro de Arte & Arquitectura _aARTE INTERNACIONAL |
||
| 650 |
_2 Tesauro de Arte & Arquitectura _aESCULTURA |
||
| 700 |
_aNavarreta, Jose Antonio _eeditor |
||
| 942 |
_2ddc _c1 _h709.05 _iG851a _n0 |
||
| 999 |
_c3885 _d3885 |
||